1874 1884 1271 1978 1442 1114 1261 1935 1109 1058 1536 1929 1128 1560 1484 1104 1925 1295 1971 1791 1114 1945 1665 1324 1737 1865 1434 1266 1544 1573 1788 1386 1666 1907 1954 1048 1602 1443 1873 1039 1150 1883 1699 1145 1976 1270 1396 1474 1338 1697 1077 1359 1740 1945 1570 1221 1890 1303 1253 1831 1167 1991 1759 1625 1845 1388 1067 1601 1550 1419 1530 1840 1744 1008 1592 1225 1941 1323 1680 1796 1269 1446 1932 1143 1593 1601 1203 1543 1583 1945 1390 1936 1385 1030 1206 1589 1010 1812 1082 BCNSPRNW ULIB Ver.6.0+V

เปลี่ยนเป็นภาษาไทย

Change to English
 แสดงรายละเอียดบรรณานุกรม
  กลับหน้าหลัก

Brief Record : Get Marc (ISO 2709) : E-mail record : QR code < ปิดหน้าต่าง
LEADER : 00000nam 2200000uu 4500
001    13399110527
003     ULIB
008    110602s2552||||th 000 0 tha d
020    9789745985353
060 04 ^aWQ13^bว336ศ
100 0  วรุณวรรณ ผาโคตร
245 10 ศัพท์ :^bแม่ เด็กและเวชศาสตร์ครอบครัว = Vocabulary in maternal child and family practitioner /^cวรุณวรรณ ผาโคตร,สิรนาถ นุชนาถ
246 31 Vocabulary in maternal child and family practitioner
250    พิมพ์ครั้งที่ 1
260    กรุงเทพฯ :^bเค. เอส. พี.,^c2552
300    295 หน้า
504    บรรณานุกรม: หน้า 295
650  2 Family practice^xDictionaries
650  2 Medicine^xDictionaries
700 00 สิรนาถ นุชนาถ,^eผู้แต่งร่วม
945    ^p199^l0^i027298
945    ^p199^l0^i027297
945    ^p199^l0^i027296
945    ^p199^l0^i031561
945    ^p199^l0^i031686
945    ^p199^l0^i031687
995     ทศพร
999 ^a ใช้งานได้ทุกระบบ
รายการนี้ยังไม่มีแท็ก
คุณยังไม่ได้ล็อกอิน คุณสามารถมีกิจกรรมร่วมกับเว็บไซต์ได้ แต่ต้องล็อกอินก่อน ::
  ล็อกอิน

รายการสื่อสารสนเทศ

ลำดับที่ ประเภท เลขเรียก/บาร์โค้ด สถานที่ สถานะ
- ไม่พบข้อมูล -

รายการใกล้เคียง
    ผู้แต่ง [วรุณวรรณ ผาโคตร]

    หัวเรื่อง [Medicine Dictionaries]

BibComment


ยังไม่เคยถูกคอมเมนท์

คอมเมนท์ทรัพยากรรายการนี้
  คอมเมนท์: ศัพท์ แม่ เด็กแล..


 Copyright 2026. Bcnsprnw @Library